La Polt̕ica cultural de la Unin̤ Europea Los fundamentos econm̤icos e institucionales

Detalles Bibliográficos
Autor principal: Přez Bustamante Yb̀ar, Diana
Formato: Libro
Lenguaje:español
Publicado: Madrid Universidad Rey Juan Carlos, Servicio de Publicaciones Dykinson 2011
Colección:Ciencias jurd̕icas y sociales 132
Materias:
Acceso en línea:Acceso restringido

MARC

LEADER 00000nam a2200000 a 4500
005 20120322144657.0
007 cr|||| ||||
008 110404s2011 sp a | ||||o000 0 spa
017 |a SE 614-2011  |b Oficina Deps̤ito Legal Sevilla 
020 |a 9788498499643 
035 |a 5834 
040 |d vLex 
080 |a 351.85 
090 |c 3074  |d 3074 
100 1 |a Přez Bustamante Yb̀ar, Diana 
245 1 3 |a La Polt̕ica cultural de la Unin̤ Europea   |h [Recurso electrn̤ico] :  |b Los fundamentos econm̤icos e institucionales  |c Diana C. Přez-Bustamante Yb̀ar 
256 |a Servicio en ln̕ea 
260 |a Madrid  |b Universidad Rey Juan Carlos, Servicio de Publicaciones  |b Dykinson  |c 2011 
300 |a 1 recurso electrn̤ico 
500 |a Subtt̕ulo extrad̕o de la cubierta 
504 |a Bibliografa̕ 
506 1 |a Contenido solo disponible en los productos indicados  |d vLex Global   |d vLex Global (Academic Edition, excluding Law Schools)   |d vLex Global (U.S. Academic Edition, Law Schools)   |d vLex Global (U.S. Academic Edition, excluding Law Schools)   |d vLex Global (Academic Edition, Law Schools)  
651 4 |a Unin̤ Europea, Pas̕es de la  |x Polt̕ica cultural 
740 0 |a vLex Libros (Servicio en ln̕ea) 
830 0 |a Ciencias jurd̕icas y sociales  |v 132 
856 4 0 |u http://vlex.com/source/politica-cultural-union-europea-5834  |z Acceso restringido 
942 |c BOOK 
999 0 |a European Union 
999 0 |a Cultural policy